• 首页
  • 本馆介绍
  • 公告通知
  • 最新文献
  • 馆藏检索
  • 电子资源
  • 读者导购
  • 参考咨询
  • 我的图书馆
  • 登录
  • 详细信息显示
  • 放入我的书架
  • 预约/预借图书
  • 作者相关作品
  • 分类相关作品
  • 丛书相关作品
  • 出版社相关作品

书目信息

  • 表格格式
  • 工作单格式
  • 卡片格式
题名:
金属物理学
    
 
作者: 冯端 著
分册: 第四卷   超导电性和磁性
出版信息: 北京   科学出版社  1998
页数: 631页
开本: 20cm
丛书名: 凝聚态物理学丛书
单 册:
中图分类: O469
科图分类:
主题词: 电子物理学 , 真空电子学
电子资源:
ISBN: 7-03-005970-0
000 00679nam0 2200229 450
001 0735592734
005 20070906095312.73
010    @a7-03-005970-0@d¥45.00
100    @a20070906d km y0chiy0120 ea
101 0  @achi
200 1  @a金属物理学@Ajin shu wu li xue@h第四卷@i超导电性和磁性@f冯端等著@Ffeng duan deng zhu
210    @a北京@c科学出版社@d1998
215    @a631页@d20cm
225 2  @a凝聚态物理学丛书
410  0 @12001 @a凝聚态物理学丛书
517 1  @a超导电性和磁性@Achao dao dian xing he ci xing
606 0  @a电子物理学
606 0  @a真空电子学
690    @aO469@v3
701  0 @a冯端@Afeng duan@4著
801  0 @aCN@bPFT@c20070906
905    @a213230@dO469@eP3:4@f1
    
    金属物理学.第四卷.超导电性和磁性/冯端等著.-北京:科学出版社,1998
    631页;20cm.-(凝聚态物理学丛书)
    
    
    ISBN 7-03-005970-0:¥45.00
    
●
相关链接 在E读中查询图书 在五车中查询图书 在当当中查询图书 在豆瓣中查询图书


正题名:金属物理学     索取号:O469/P3:4         预约/预借

序号 登录号 条形码 馆藏地/架位号 状态 备注
1 7200825   272008258   密集书库-物理学院/ [索取号:O469/P3:4] 在馆    
唐山师范学院图书馆 欢迎您!
大连网信软件有限公司© 版权所有